American owned love (Registro nro. 17356)

Detalles MARC
000 -CABECERA
Longitud fija campo de control 00581nam a22002177a 4500
003 - IDENTIFICADOR DELl NÚMERO DE CONTROL
Identificador del número de control OSt
005 - FECHA Y HORA DE LA ÚLTIMA TRANSACCIÓN
Fecha y hora de la última transacción 20180409134917.0
008 - CÓDIGOS DE INFORMACIÓN DE LONGITUD FIJA
Códigos de información de longitud fija 150115b xxu||||| |||| 00| 0 eng d
020 ## - NÚMERO INTERNACIONAL NORMALIZADO PARA LIBROS
Número Internacional Normalizado para Libros (ISBN) 0-06-097746-9
040 ## - FUENTE DE LA CATALOGACIÓN
Centro transcriptor BMC
082 ## - NÚMERO DE LA CLASIFICACIÓN DECIMAL DEWEY
Númeroo de clasificación 813.5
100 1# - PUNTO DE ACCESO PRINCIPAL-NOMBRE DE PERSONA
Nombre de persona Boswell, Robert
9 (RLIN) 30206
245 10 - MENCIÓN DE TÍTULO
Título American owned love
Mención de responsabilidad, etc. Robert Boswell
260 ## - PUBLICACIÓN, DISTRIBUCIÓN, ETC. (PIE DE IMPRENTA)
Lugar de publicación, distribución, etc. New York
Nombre del editor, distribuidor, etc. Harper Perennial
Fecha de publicación, distribución, etc. 1998
300 ## - DESCRIPCIÓN FÍSICA
Extensión 323 p.
Dimensiones 21 cm
490 ## - MENCIÓN DE SERIE
Mención de serie Fiction
650 24 - PUNTO DE ACCESO ADICIONAL DE MATERIA - TÉRMINO DE MATERIA
Término de materia o nombre geográfico como elemento inicial Novela norteamericana
9 (RLIN) 17595
655 #7 - TÉRMINO DE INDIZACIÓN - GÉNERO/FORMA
Datos o término principal de género/forma Domestic fiction.
Fuente del término lcsh
655 #7 - TÉRMINO DE INDIZACIÓN - GÉNERO/FORMA
Datos o término principal de género/forma Love stories.
Fuente del término gsafd
942 ## - ENTRADA DE ELEMENTOS AGREGADOS (KOHA)
Fuente de clasificaión o esquema Dewey Decimal Classification
Koha [por defecto] tipo de item 1- Monografias
Parte de clasificación prozim
Existencias
Suprimido Perdido Fuente de clasificación o esquema Estropeado Restricciones de uso No para préstamo Código de colección Localización permanente Localización actual Localización en estanter&íacute;as Fecha adquisición Fuente de adquisición Coste, precio normal de compra Número de inventario Préstamos totales Signatura completa Código de barras Fecha última consulta Fecha del precio de reemplazo Tipo de item de Koha
NULL NULL Dewey Decimal Classification NULL Prestable NULL NULL Biblioteca Centro Regional de Ilobasco Biblioteca Centro Regional de Ilobasco Sala Principal 11/09/2015 UNICAES   LI001048   N BOS ame 1033700 11/09/2015 11/09/2015 1- Monografias
NULL NULL Dewey Decimal Classification NULL Prestable NULL NULL Biblioteca Miguel de Cervantes - UNICAES Biblioteca Miguel de Cervantes - UNICAES Sala Principal 19/01/2015 Donación - Embajada Americana 42.73 026883   N BOS ame 1027293 19/01/2015 19/01/2015 1- Monografias